| 000 | 00724cab a2200193 4500 | ||
|---|---|---|---|
| 001 | ABS44046 | ||
| 008 | 090401t1991 xxu||||| |||| 00| 0 eng d | ||
| 035 | _a(Sirsi) u45043 | ||
| 041 | _aeng | ||
| 100 | _aCottam, G. | ||
| 245 | _aBetter ICE conditions : ICE 6th keeps its balance | ||
| 260 | _c1991 | ||
| 350 | _a0 | ||
| 490 |
_aConstruction News _v(6200) 7 February 1991, 14: (6201) 14 February 199 |
||
| 520 | _aTwo articles on the ICE Conditions of contract 6th edition which summarises the changes made to the definitions , the position of the engineer , subcontracting and the general obligations of the contractor. | ||
| 690 | _aBUILT ENVIRONMENT-BUILDING CONTRACT FORMS | ||
| 942 | _n0 | ||
| 948 | _c04/03/1997 | ||
| 999 |
_c28635 _d28635 |
||